GTA 5 Charakter Quiz - Statistiken

Allgemein
  • Dieses Quiz wurde 209 mal gespielt
  • Das Durchschnittsergebnis liegt bei 5 aus 15
Antwortstatistiken
Hinweis Charakter % Korrekt
Besitzt eine Spezialfähigkeit um Autos besser Kontrollieren zu können Franklin Clinton
78%
Hat seinen Tod vorgetäuscht Michael de Santa
73%
Ein völliger Psychopat der alles und jeden vernichtet Trevor Phillips
71%
Ein Genie hinter Raubüberfällen und Hacks Lester Crest
70%
Ein Mexikanischer Geschäftsmann Martin Madrazo
37%
Ein Mitarbeiter von ,,Premium Deluxe Motorsport" Lamar Davis
31%
Ist in der Show ,,Fame or Shame" als Tänzerin aufgetreten Tracey de Santa
29%
Verliebte sich in ihren Entführer Patricia Madrazo
22%
Besitzt 11% von Merryweather Devin Weston
21%
Ein bekannter Film-Produzierer in Los Santos Solomon Richards
19%
Ein falscher FIB Agent Steve Haines
19%
Ein Psychologe der eine Geschichte eines Patienten im TV verkauft Dr. Isiah Friedlander
6%
Ein Yoga Lehrer Fabien LaRouche
4%
Starb durch einen Scharfschützenschuss in Nord Yankton Brad Snider
2%
Ist der Nachbar vom Psychopat Ronald Jakowski
1%
Keine übereinstimmenden Quizze gefunden
Verteilung der Resultate
Anzahl Personen mit jedem Resultat
Perzentil nach korrekt beantworteten Fragen
Ihre Resultats-Entwicklung
Sie haben dieses Quiz noch nicht gespielt